000 00306nam a22001337a 4500
008 180926b xxu||||| |||| 00| 0 eng d
020 _a0071054170
041 _aeng
080 _a617
_27 ED
100 _a5
101 _aKIR
245 _aAtlas Of Surgical Opeartions
_cZollinger.z
942 _2udc
_cBK
999 _c48528
_d48528